000 00351cam a22001097a 4500
008 180718b1946 xxu||||| |||| 00| 0 eng d
082 _aB703x5413 B489/1945
100 _aBihar. Legislative Department
245 _aThe Bihar local self-government (second amendment) act, 1945. [Bihar act IX of 1945]
260 _aPatna
_bThe author
_c1946
300 _a2p
999 _c488281
_d488281